Monella /
Gorde:
| Beste egile batzuk: | , , , , |
|---|---|
| Formatua: | |
| Hizkuntza: | italiera |
| Argitaratua: |
[Italia] :
CVC,
[2001]
|
| Etiketak: |
Etiketarik gabe, Izan zaitez lehena erregistro honi etiketa jartzen!
|
MARC
| LEADER | 00000ngm a22000007i 4500 | ||
|---|---|---|---|
| 001 | IT\ICCU\RAV\1935021 | ||
| 003 | ItRI | ||
| 005 | 20260124182900.0 | ||
| 008 | 110323s2001 it |||||||||||||||k|||||c | ||
| 028 | 4 | 2 | |a DS04S254 |
| 040 | |b ita | ||
| 041 | 7 | |a ita |2 ISO-639-2 | |
| 130 | 0 | |a Monella <film ; 1998> |3 IT\ICCU\RAV\1549310 | |
| 245 | 0 | 0 | |a Monella / |c un film di Tinto Brass. |
| 260 | |a [Italia] : |b CVC, |c [2001] | ||
| 300 | |a 1 DVD video (DVD 5) (ca. 101 min.) : |b sonoro (Dolby surround 2.0), color | ||
| 500 | |a Codice area: 2; sistema e formato video: PAL, widescreen 1.66:1 | ||
| 500 | |a Titolo del contenitore | ||
| 500 | |a Riproduzione del film del 1997, produzione Italia | ||
| 500 | |a Interpreti: Anna Ammirati, Max Parodi, Patrick Mower, Serena Grandi | ||
| 500 | |a Lingue: italiano | ||
| 500 | |a Contiene: Filmografia del regista e degli attori principali | ||
| 500 | |a Vietato ai minori di 18 anni. | ||
| 700 | 1 | |a Ammirati, Anna |0 IT\ICCU\LO1V\265073 | |
| 700 | 1 | |a Mower, Patrick |0 IT\ICCU\LO1V\265074 | |
| 700 | 1 | |a Brass, Tinto |0 IT\ICCU\RAVV\054622 | |
| 700 | 1 | |a Parodi, Max |0 IT\ICCU\RAVV\329295 | |
| 700 | 1 | |a Grandi, Serena |0 IT\ICCU\UBOV\007574 | |
| 790 | 1 | |a Parodi, Mario, |d (1967- ) |3 IT\ICCU\SBNV\026966 |z Parodi, Max | |
| 790 | 1 | |a Faggioli, Serena |3 IT\ICCU\SBNV\026267 |z Grandi, Serena | |
| 790 | 1 | |a Steiger, Vanessa |3 IT\ICCU\SBNV\026268 |z Grandi, Serena | |
| 942 | |2 ddc |c VM |n 0 | ||
| 952 | |0 0 |1 0 |4 0 |6 VO_2237_000000000000000 |7 0 |9 27485 |a BO |b BO |d 2026-01-24 |i 18375 |l 0 |o VO 2237 |p BO18375 |r 2026-01-24 18:29:00 |w 2026-01-24 |x [Sebina 5] [1 dvd] |y VM |z 1 dvd | ||
| 999 | |c 23280 |d 23280 | ||